| 000 | 00508nam a22001817a 4500 | ||
|---|---|---|---|
| 005 | 20251108164319.0 | ||
| 008 | 250721s1995 xx 000 0 ara d | ||
| 082 | 1 | 4 | _a418.1/محم |
| 100 | 1 | _aالدالي، محمد | |
| 245 | 1 | 0 | _aكيف نعلم الإملاء و الخط العربي / |
| 264 | 1 |
_aالقاهرة : _bعالم الكتب، _c1995. |
|
| 300 | _a127ص | ||
| 650 | 1 | 7 | _aاللغة العربية |
| 650 | 1 | 7 | _aالإملاء |
| 650 | 1 | 7 | _aالخط |
| 942 |
_2ddc _cBK |
||
| 999 |
_c9090 _d9090 |
||